[Event "Challenge"]
[Site "http://www.queenalice.com/game.php?id=1052829"]
[Date "2012.4.26"]
[Round "-"]
[White "hoppy777"]
[Black "mikec"]
[Result "1-0"]
[WhiteElo "1136"]
[BlackElo "1445"]

1. e4 Nc6 2. Nf3 Ne5 3. Nxe5 d6 4. Nf3 h5 5. d4 e5 6. Nc3 exd4 7. Na4 Qe7 8.
Qxd4 c5 9. Qe3 g6 10. Bb5+ Bd7 11. c4 a6 12. Bxd7+ Qxd7 13. Qg5 Qxa4 14. O-O
Qxc4 15. Bf4 Be7 16. Qg3 Qc2 17. Rad1 Qxb2 18. e5 c4 19. exd6 Bf6 20. d7+ Kd8
21. Rfe1 Ne7 22. Bc7# 1-0

[Event "Challenge"]
[Site "http://www.queenalice.com/game.php?id=1052841"]
[Date "2012.4.26"]
[Round "-"]
[White "mikec"]
[Black "hoppy777"]
[Result "1-0"]
[WhiteElo "1445"]
[BlackElo "1168"]

1. e3 d5 2. Qf3 c6 3. Be2 e5 4. a4 Nf6 5. Nh3 e4 6. Qf4 Qd6 7. d4 Na6 8. Bd2 Be7
9. Ba5 O-O 10. c3 h5 11. Bb4 Nxb4 12. cxb4 Qxb4+ 13. Nd2 Bg4 14. Ra3 Bd8 15. Rb3
Qxa4 16. f3 Bd7 17. Ra3 Qc2 18. Bd1 Qc1 19. g4 Qxb2 20. Rb3 Qa1 21. Rb1 Qa3 22.
gxh5 Ba5 23. h6 Kh8 24. hxg7+ Kxg7 25. Rg1+ Bg4 26. fxg4 Kg6 27. Qf5+ Kg7 28. g5
Qa2 29. gxf6+ Kh8 30. Qh5# 1-0

[Event "Challenge"]
[Site "http://www.queenalice.com/game.php?id=1053166"]
[Date "2012.4.27"]
[Round "-"]
[White "hoppy777"]
[Black "mikec"]
[Result "1-0"]
[WhiteElo "1162"]
[BlackElo "1450"]

1. d4 Nf6 2. Nh3 e6 3. c3 Be7 4. e3 a5 5. Nd2 b6 6. Be2 Bb7 7. b3 Nc6 8. Bb2 Qb8
9. O-O Nd8 10. Rc1 c5 11. Bf3 Qd6 12. a3 Rc8 13. b4 Ba6 14. bxc5 bxc5 15. Nb3
Bxf1 16. Kxf1 Qxh2 17. Bb7 Nxb7 18. dxc5 Nxc5 19. Nxa5 d5 20. Qe1 d4 21. Rd1
dxe3 22. Qxe3 Nd5 23. Qe2 Nf4 24. Qb5+ Nd7 25. Qxd7+ Kf8 26. Qxc8+ Bd8 27. Rxd8+
Ke7 28. Qc5+ Kf6 29. Qg5# 1-0

[Event "Challenge"]
[Site "http://www.queenalice.com/game.php?id=1053181"]
[Date "2012.4.27"]
[Round "-"]
[White "mikec"]
[Black "hoppy777"]
[Result "1-0"]
[WhiteElo "1450"]
[BlackElo "1191"]

1. Nf3 d6 2. e3 Nd7 3. Bb5 a6 4. Be2 Ngf6 5. Ng1 Ng8 6. Nh3 f6 7. Bh5+ g6 8. Bg4
b5 9. Bf3 Rb8 10. Ng1 Ne5 11. Be4 Bb7 12. f3 Nh6 13. Ne2 Nf5 14. d4 Nc4 15. g4
d5 16. Bd3 Ncxe3 17. Qd2 Bh6 18. gxf5 Nc4 19. Qxh6 Nd6 20. Nf4 Nf7 21. Qg7 g5
22. Ne6 Qd6 23. Nc3 Qb6 24. Nxd5 Bxd5 25. Rf1 Bc6 26. f4 Qa5+ 27. Bd2 Qb6 28.
fxg5 Bg2 29. Kf2 Bd5 30. Rae1 Qd6 31. Nf4 Rb6 32. g6 Ng5 33. Qxh8+ Kd7 34. a4
bxa4 35. b4 Qc6 36. gxh7 a3 37. Qg7 Qa4 38. h8=Q Rc6 39. Qxe7# 1-0

[Event "Challenge"]
[Site "http://www.queenalice.com/game.php?id=1053672"]
[Date "2012.4.28"]
[Round "-"]
[White "hoppy777"]
[Black "mikec"]
[Result "1-0"]
[WhiteElo "1185"]
[BlackElo "1456"]

1. e3 Nc6 2. Ne2 e6 3. g3 d5 4. h4 a5 5. Bh3 Ra6 6. b3 Qd7 7. Ba3 b5 8. c4 b4 9.
Bb2 Rb6 10. d3 Ba6 11. Nd2 Bc5 12. Qc2 Qe7 13. Nf3 Nf6 14. Ned4 Nd7 15. a3 Kd8
16. axb4 axb4 17. Ra5 Nxa5 18. Ng5 Qf6 19. Qe2 Ne5 20. Kf1 Nac6 21. Ndxe6+ fxe6
22. Nxe6+ Ke7 23. Nxc5 Rf8 24. Kg1 Bb7 25. Rh2 Nb8 26. d4 Nec6 27. Qd3 Na6 28.
cxd5 Nxc5 29. dxc5 Qxb2 30. Qe4+ Qe5 31. Qxh7 Qf6 32. cxb6 Ra8 33. dxc6 Qf3 34.
Qxg7+ Kd6 35. Qg6+ Kc5 36. Qb1 Bxc6 37. bxc7 Be4 38. Qf1 Rc8 39. Bxc8 Bc2 40.
Qc1 Qd1+ 41. Qxd1 Bxd1 42. Bf5 Bxb3 43. c8=Q+ Kd6 44. Qc1 Ke5 45. Bd7 Ba2 46. h5
Kd6 47. Qd2+ Kc5 48. Qxa2 Kd6 49. Bg4 1-0

[Event "Challenge"]
[Site "http://www.queenalice.com/game.php?id=1055248"]
[Date "2012.5.2"]
[Round "-"]
[White "hoppy777"]
[Black "mikec"]
[Result "1/2-1/2"]
[WhiteElo "1212"]
[BlackElo "1429"]

1. e3 Nc6 2. Ne2 d6 3. g3 e5 4. a3 Bg4 5. Nbc3 Be7 6. h3 Bf3 7. Rg1 Nf6 8. Bg2
e4 9. Nxe4 Bxe4 10. Nf4 d5 11. d3 Bf5 12. b3 O-O 13. Bb2 Bc5 14. h4 a5 15. Bh3
g6 16. Qd2 b5 17. g4 Bd7 18. Rg3 Ne7 19. d4 Bd6 20. Qd3 Rc8 21. Rc1 c5 22. Qc3
b4 23. axb4 axb4 24. Qd3 c4 25. bxc4 dxc4 26. Qd1 c3 27. Ba1 Bb5 28. Rb1 h5 29.
Qc1 hxg4 30. Ne2 gxh3 31. Rxh3 Ned5 32. e4 Nf4 33. Rg3 Nxe2 34. Qg5 Nxg3 35.
Qxb5 Ngxe4 36. Qb7 Re8 37. Kf1 Nd2+ 38. Kg1 Nxb1 39. Qg2 Qe7 40. h5 Nxh5 41. Kh1
Nf4 42. Qh2 Qe1+ 43. Qg1 Nd2 44. Kh2 Ne2+ 45. Kh3 Nxg1+ 46. Kg4 Qxa1 47. f4 Re4
48. d5 Rxf4+ 49. Kg5 Rc5 50. Kh6 Rxd5 1/2-1/2

[Event "Challenge"]
[Site "http://www.queenalice.com/game.php?id=1060042"]
[Date "2012.5.15"]
[Round "-"]
[White "mikec"]
[Black "hoppy777"]
[Result "1-0"]
[WhiteElo "1420"]
[BlackElo "1221"]

1. Nf3 d6 2. e3 c6 3. Be2 Nd7 4. d4 g6 5. Bd2 Bg7 6. Nc3 Nh6 7. Ne4 O-O 8. Ng3
Nb6 9. a4 a5 10. Ra3 e6 11. c3 Qe7 12. Rb3 Nxa4 13. O-O b6 14. Ra3 Nxb2 15. Qb1
Ba6 16. Qxb2 Ng4 17. Qxb6 d5 18. Rxa5 Rfb8 19. Qxc6 e5 20. Bxa6 Qh4 21. Nxh4 Rd8
22. c4 Rab8 23. f3 Rb2 24. Rd1 e4 25. fxg4 dxc4 26. Qc7 Re8 27. Bxc4 Rc2 28. Ra7
Bf6 29. Qxf7+ Kh8 30. Qxe8# 1-0

[Event "Challenge"]
[Site "http://www.queenalice.com/game.php?id=1060512"]
[Date "2012.5.16"]
[Round "-"]
[White "hoppy777"]
[Black "mikec"]
[Result "0-1"]
[WhiteElo "1213"]
[BlackElo "1428"]

1. e3 e6 2. Ne2 Be7 3. b3 Nf6 4. g3 g6 5. Na3 b6 6. Bb2 Bb7 7. Rg1 Nc6 8. Bh3 d5
9. Nf4 a5 10. c4 dxc4 11. bxc4 Nb4 12. Qb1 e5 13. Ne2 Nd3+ 14. Kf1 Ne4 15. Qxd3
Qxd3 16. Nb5 Nxd2+ 17. Ke1 Nb3 18. Rb1 Qxb1+ 19. Nc1 Nxc1 20. Bxe5 Nd3+ 21. Ke2
Nxe5 22. Rxb1 Bf3+ 23. Kd2 Rd8+ 24. Kc2 Rd3 25. Nxc7+ Kf8 26. Rxb6 Bd1+ 27. Kc1
Ba3+ 28. Kb1 Rc3 29. Rb8+ Ke7 30. Rxh8 Rc1# 0-1

[Event "Challenge"]
[Site "http://www.queenalice.com/game.php?id=1060965"]
[Date "2012.5.18"]
[Round "-"]
[White "hoppy777"]
[Black "mikec"]
[Result "1-0"]
[WhiteElo "1206"]
[BlackElo "1435"]

1. Nf3 e6 2. d3 Bb4+ 3. Bd2 Bf8 4. Nc3 b6 5. Qb1 g6 6. e3 Bh6 7. Be2 Qf6 8. Ng1
Qg5 9. Bf3 Nc6 10. Ne4 Qe5 11. Bc3 Qf5 12. Bxh8 f6 13. b3 d5 14. Qb2 Ne5 15. Be2
dxe4 16. dxe4 Qg5 17. Kf1 Bb7 18. Qc3 Bxe4 19. Qxc7 Ne7 20. Nh3 Bxg2+ 21. Ke1
Qf5 22. Rg1 Bxh3 23. Rd1 Rc8 24. Qb7 Qxc2 25. Rd6 N5c6 26. Bd1 Qc1 27. Rxe6 Nb4
28. Qxe7# 1-0

[Event "Challenge"]
[Site "http://www.queenalice.com/game.php?id=1061326"]
[Date "2012.5.19"]
[Round "-"]
[White "mikec"]
[Black "hoppy777"]
[Result "1-0"]
[WhiteElo "1410"]
[BlackElo "1231"]

1. Nf3 Nc6 2. Nc3 e6 3. Rg1 Nh6 4. Rb1 Ng8 5. h3 Nf6 6. Ng5 d6 7. Nb5 Bd7 8. b3
a6 9. Na3 h6 10. Nf3 Be7 11. Bb2 Qb8 12. g4 Qa7 13. Bg2 Ne4 14. e3 Ne5 15. d3
Ng5 16. d4 Nexf3+ 17. Bxf3 a5 18. Rg3 Qa6 19. h4 Nh7 20. Nc4 Bc6 21. Be2 g5 22.
d5 Bb5 23. Bxh8 gxh4 24. Rf3 exd5 25. Nxa5 Qxa5+ 26. b4 Qa4 27. Rb3 Ng5 28. Rf5
Nh3 29. Rc3 Qxb4 30. a3 Rxa3 31. Qd4 Qb1+ 32. Bd1 Ra1 33. Rxc7 Bd7 34. Rh5 Ng1
35. Qd3 Bb5 36. c4 Nf3+ 37. Ke2 Ra2+ 38. Kxf3 Qxd3 39. Rxd5 Bxc4 40. Rxd3 Bxd3
41. Bb3 h3 42. Bxa2 h2 43. Kg2 Be4+ 44. Kxh2 Kd8 45. Rxb7 d5 46. Bg7 Bd6+ 47.
Kh3 Kc8 48. Rxf7 Bb4 49. Bxh6 Be1 50. g5 Bxf2 51. g6 Bxg6 52. Bxd5 Bd3 53. Bg5
Kb8 54. Be6 Bb5 55. Bf4+ Ka8 56. Bd5+ Bc6 57. Bxc6# 1-0

[Event "Challenge"]
[Site "http://www.queenalice.com/game.php?id=1062417"]
[Date "2012.5.22"]
[Round "-"]
[White "hoppy777"]
[Black "mikec"]
[Result "0-1"]
[WhiteElo "1222"]
[BlackElo "1419"]

1. Nf3 e6 2. e3 Qe7 3. Nc3 Nc6 4. d3 d5 5. Bd2 Na5 6. Be2 c6 7. O-O b5 8. Nh4
Nb7 9. b4 a5 10. a3 axb4 11. axb4 Rb8 12. Ra6 Qxb4 13. Qa1 Nc5 14. Ra8 Bd6 15.
Qa7 Qxh4 16. Rxb8 Bxb8 17. Qxb8 Ne7 18. d4 Na6 19. Nxb5 Nxb8 20. Ba5 O-O 21. Bb6
f5 22. Ra1 cxb5 23. Ra7 Qe4 24. Rxe7 Rf6 25. Bd8 Rg6 26. Bxb5 Qxg2# 0-1